| 000 | 00602nam a22002417a 4500 | ||
|---|---|---|---|
| 003 | UA-OsUOA | ||
| 001 | 23946 | ||
| 007 | ta | ||
| 008 | 20040202b un ||||| |||| 00| 0 ukr d | ||
| 090 |
_a94(47+57).09 _bГ37 |
||
| 942 | _cBK | ||
| 040 |
_aUA-OsUOA _brus _cUA-OsUOA _dUA-OsUOA |
||
| 245 | _aГерои труда военных лет 1941-1945 | ||
| 300 |
_a279 с. _bІлюстрації |
||
| 955 | _a0 | ||
| 041 | _arus | ||
| 080 | _a94(47+57).09 | ||
| 020 | _a5-255-01358-7 | ||
| 260 |
_aМосква _bПрофитиздат _c2001 |
||
| 044 | _aRU | ||
| 650 | 7 | _2UDC | |
| 999 |
_c310208 _d310208 |
||